| 000 | 00540nam a22002057a 4500 | ||
|---|---|---|---|
| 003 | OSt | ||
| 005 | 20251003171139.0 | ||
| 008 | 251003b |||||||| |||| 00| 0 eng d | ||
| 020 | _a9780323555968 | ||
| 040 | _cNML | ||
| 082 | _aWK100 W 67m 2020 | ||
| 100 |
_aMelmed, Shlomo [et...al] _912527 |
||
| 245 | _aWilliams Textbook of Endocrinology | ||
| 250 | _a14th ed. | ||
| 260 |
_aPhiladelphia; _bElsevier, _c2020 |
||
| 300 | _axi,478p; col.ill: 26cm | ||
| 504 | _aReferences included | ||
| 650 | _2Endocrinology | ||
| 942 |
_2z _cO_SHELF |
||
| 999 |
_c9528 _d9528 |
||